Bytový dom

Salvato in:
Dettagli Bibliografici
Autore principale: Bisaha, Juraj (Autore)
Altri autori: Prokopčák, Lukáš (Relatore della tesi)
Natura: Manoscritto Libro
Lingua:slovacco
Pubblicazione: 2015
Soggetti:
Accesso online:http://is.stuba.sk/zp/portal_zp.pl?podrobnosti=98726
https://opac.crzp.sk/?fn=detailBiblioForm&sid=A1BE4CBC10A6410E23D0718DE444
Tags: Aggiungi Tag
Nessun Tag, puoi essere il primo ad aggiungerne!!

MARC

LEADER 00000ntm a22000003a 4500
001 stuzp52470
003 SK-STU
005 20230721113957.7
007 ta
008 150427s2015----xo-----f-mn---000-0-slo-d
040 |a STU  |b slo 
041 0 |a slo 
100 1 |a Bisaha, Juraj  |u 010270  |4 aut  |U SvF Stavebná fakulta  |T SvF Katedra technológie stavieb  |X 54771  |U V270  |Y 28  |7 54771 
242 0 1 |a Apartment building  |y eng 
245 1 0 |a Bytový dom 
260 |c 2015 
650 4 |a Montáž podlahového vykurovania  |2 slo 
650 4 |a Bytový dom  |2 slo 
650 4 |a Technológia stavby  |2 slo 
650 4 |a Floor heating  |2 eng 
650 4 |a Building technology  |2 eng 
650 4 |a Apartment building  |2 eng 
700 1 |a Prokopčák, Lukáš  |4 ths  |X 39737  |7 A000039737 
856 4 |u http://is.stuba.sk/zp/portal_zp.pl?podrobnosti=98726 
856 4 |u https://opac.crzp.sk/?fn=detailBiblioForm&sid=A1BE4CBC10A6410E23D0718DE444 
SQL |a stuzp52470  |b DBP  |c SLO  |d Bytový dom  |e 54771  |f Bisaha, Juraj  |g 010270  |h 39737  |i Prokopčák, Lukáš  |j 20150622  |k 6  |l 01  |m http://is.stuba.sk/zp/portal_zp.pl?podrobnosti=98726  |n B-TMS  |o 5.2.8. stavebníctvo